Statystyki dla Najczęściej wygrywające państwa w Golden Boy

Kliknij tutaj aby rozwiązać quiz!

Ogólne statystyki

  • Ten quiz został rozwiązany 46 razy
  • Średni wynik to 9 z 10

Statystyki odpowiedzi

WygranePaństwo% Poprawnych
3Francja
100%
2Argentyna
98%
4Hiszpania
98%
2Anglia
95%
2Portugalia
95%
2Brazylia
91%
1Niemcy
89%
1Włochy
82%
2Holandia
73%
1Norwegia
64%

Rozkład punktacji

Percentyl według liczby udzielonych odpowiedzi

Procent ludzi z każdym wynikiem

Twoja historia wyników

Nie rozwiązałeś tego quizu